header

Revenge of the witch / Joseph Delaney ; illustrations by Patrick Arrasmith. (Record no. 260109)

MARC details
000 -LEADER
fixed length control field 00498nam a22001697a 4500
003 - CONTROL NUMBER IDENTIFIER
control field OSt
005 - DATE AND TIME OF LATEST TRANSACTION
control field 20230606152231.0
008 - FIXED-LENGTH DATA ELEMENTS--GENERAL INFORMATION
fixed length control field 230606b xxu||||| |||| 00| 0 eng d
020 ## - INTERNATIONAL STANDARD BOOK NUMBER
International Standard Book Number 9780060766207
040 ## - CATALOGING SOURCE
Transcribing agency RU
050 ## - LIBRARY OF CONGRESS CALL NUMBER
Classification number PZ7
Item number .D373 2005
100 ## - MAIN ENTRY--PERSONAL NAME
Personal name Delaney, Joseph,
Dates associated with a name 1945-
245 ## - TITLE STATEMENT
Title Revenge of the witch / Joseph Delaney ; illustrations by Patrick Arrasmith.
260 ## - PUBLICATION, DISTRIBUTION, ETC. (IMPRINT)
Place of publication, distribution, etc New York :
Name of publisher, distributor, etc Greenwillow Books,
Date of publication, distribution, etc 2005.
300 ## - PHYSICAL DESCRIPTION
Extent 344 p. :
Other physical details ill., map ;
Dimensions 21 cm.
942 ## - ADDED ENTRY ELEMENTS (KOHA)
Source of classification or shelving scheme Library of Congress Classification
Koha item type Long Loan Books
Holdings
Withdrawn status Lost status Source of classification or shelving scheme Damaged status Not for loan Collection code Home library Current library Shelving location Date acquired Total Checkouts Full call number Barcode Date last seen Price effective from Koha item type
    Library of Congress Classification     Fiction Rongo University Library Rongo University Library General Stacks 06/06/2023   PZ7 .D373 2005 20153678 06/06/2023 06/06/2023 Long Loan Books

© 2026 Rongo University
Contact us: librarian | system librarian | Rongo university